Urban Regeneration Forum (Record no. 118624)

MARC details
000 -LEADER
fixed length control field 00591cas a22002055a 4500
001 - CONTROL NUMBER
control field L415
008 - FIXED-LENGTH DATA ELEMENTS--GENERAL INFORMATION
fixed length control field 070709c1993 xxkqr p 0 a0eng
035 ## - SYSTEM CONTROL NUMBER
System control number (Sirsi) u99033
041 ## - LANGUAGE CODE
Language code of text/sound track or separate title eng
110 2# - MAIN ENTRY--CORPORATE NAME
Corporate name or jurisdiction name as entry element Royal Institution of Chartered Surveyors
Subordinate unit Urban Regeneration Forum
9 (RLIN) 5259
245 00 - TITLE STATEMENT
Title Urban Regeneration Forum
Remainder of title Newsletter
260 ## - PUBLICATION, DISTRIBUTION, ETC.
Place of publication, distribution, etc. London
Name of publisher, distributor, etc. RICS
Date of publication, distribution, etc. [1993]-
350 ## - PRICE (NR) (BK AM CF MU VM SE) [OBSOLETE]
Price 0
362 ## - DATES OF PUBLICATION AND/OR SEQUENTIAL DESIGNATION
Dates of publication and/or sequential designation (2) Winter 1994-(13) Autumn 1996
554 ## -
-- Four per year
651 #4 - SUBJECT ADDED ENTRY--GEOGRAPHIC NAME
Geographic name United Kingdom
Chronological subdivision
690 ## - LOCAL SUBJECT ADDED ENTRY--TOPICAL TERM (OCLC, RLIN)
Topical term or geographic name as entry element PROPERTY-PROPERTY MANAGEMENT-REGENERATION
942 ## - ADDED ENTRY ELEMENTS (KOHA)
Suppress in OPAC 0
948 ## - LOCAL PROCESSING INFORMATION (OCLC); SERIES PART DESIGNATOR (RLIN)
c (OCLC) 07/02/1996
Holdings
Withdrawn status Lost status Source of classification or shelving scheme Damaged status Not for loan Home library Current library Shelving location Date acquired Total Checkouts Full call number Barcode Date last seen Price effective from Koha item type
    Dewey Decimal Classification     London London Basement 21/09/2005   URBAN REGENERATION FORUM NEWSLETTER 99033-2001 06/08/2019 06/08/2019 Journal